<?xml version="1.0" encoding="UTF-8"?>
<record
    xmlns:xsi="http://www.w3.org/2001/XMLSchema-instance"
    xsi:schemaLocation="http://www.loc.gov/MARC21/slim http://www.loc.gov/standards/marcxml/schema/MARC21slim.xsd"
    xmlns="http://www.loc.gov/MARC21/slim">

  <leader>01045nam a2200169Ii 4500</leader>
  <datafield tag="040" ind1=" " ind2=" ">
    <subfield code="c">OSU</subfield>
  </datafield>
  <datafield tag="082" ind1=" " ind2=" ">
    <subfield code="a">951 HAR 2017 A118 Or.</subfield>
  </datafield>
  <datafield tag="100" ind1="1" ind2=" ">
    <subfield code="a">Teicher, Harald B.,</subfield>
  </datafield>
  <datafield tag="245" ind1="1" ind2="0">
    <subfield code="a">Pesticides &amp; biopesticides :</subfield>
    <subfield code="b">formulation &amp; mode of action /</subfield>
  </datafield>
  <datafield tag="246" ind1="1" ind2=" ">
    <subfield code="a">Pesticides and biopesticides :</subfield>
    <subfield code="b">formulation and mode of action</subfield>
  </datafield>
  <datafield tag="300" ind1=" " ind2=" ">
    <subfield code="a">134 pages ;</subfield>
    <subfield code="c">23 cm</subfield>
  </datafield>
  <datafield tag="520" ind1=" " ind2=" ">
    <subfield code="a">Aimed at students, professionals, and others wishing to understand basic biological aspects of crop protection, this book is an easily accessible introduction to essential principles of pesticide and biopesticide mode of action and formulation.  Because the mode of action of a biopesticide typically differs from that of conventional pesticides, it is crucial to understand how a biopesticide works in crop protection programs - including the influences of various biotic and abiotic factors as well as a biological understanding of the mode of action of these products. -- COVER</subfield>
  </datafield>
  <datafield tag="650" ind1=" " ind2="0">
    <subfield code="a">Pesticides.</subfield>
  </datafield>
  <datafield tag="650" ind1=" " ind2="0">
    <subfield code="a">Natural pesticides.</subfield>
  </datafield>
  <datafield tag="650" ind1=" " ind2="0">
    <subfield code="a">Pests</subfield>
  </datafield>
  <datafield tag="942" ind1=" " ind2=" ">
    <subfield code="c">AEDBB</subfield>
  </datafield>
  <datafield tag="999" ind1=" " ind2=" ">
    <subfield code="c">20802</subfield>
    <subfield code="d">20802</subfield>
  </datafield>
  <datafield tag="952" ind1=" " ind2=" ">
    <subfield code="0">0</subfield>
    <subfield code="1">0</subfield>
    <subfield code="4">0</subfield>
    <subfield code="6">951_000000000000000_HAR_2017_A118_OR</subfield>
    <subfield code="7">0</subfield>
    <subfield code="9">92324</subfield>
    <subfield code="a">LBA</subfield>
    <subfield code="b">LBA</subfield>
    <subfield code="c">A118</subfield>
    <subfield code="d">2022-12-02</subfield>
    <subfield code="o">951 HAR 2017 A118 Or.</subfield>
    <subfield code="p">a069958</subfield>
    <subfield code="r">2022-12-02</subfield>
    <subfield code="y">AEDBB</subfield>
  </datafield>
</record>
